00516nas a2200181 4500001001000000003000400010005001700014008004100031040002500072043000900097245002200106260003000128300003200158310001200190362003900202500007600241999001700317000037137DLC20200930080150.0120216c19949999dr mr1p dd 0 0spa d aDO-SdBNPbspacBNPHU anwdr00aNoticias CODETEL. aSanto Domingo :bCODETEL. av. :bil., retrs. ;c36 cm. aMensual1 aAño 20. no. 213 (Diciembre 1994) aCatalogación basada en el ejemplar año 20. no. 213 (Diciembre 1994) c36627d36627